Loading...
| Science - Biology | 0 | 2 | 0 | 0 | 20 | 95 | 96.00 | 1 | 2 |
| Religion | 0 | 2 | 1 | 1 | 15 | 128 | 131.00 | 0 | 2 |
| History - European History | 0 | 1 | 0 | 0 | 10 | 84 | 84.00 | 0 | 0 |
| Literature - World Literature | 0 | 1 | 0 | 0 | 10 | 56 | 56.00 | 1 | 1 |
| Current Events | 0 | 1 | 0 | 0 | 10 | 90 | 90.00 | 0 | 1 |
| Fine Arts - Other Fine Arts | 0 | 1 | 0 | 0 | 10 | 80 | 80.00 | 0 | 1 |
| Philosophy | 0 | 1 | 0 | 0 | 10 | 53 | 53.00 | 1 | 1 |
| Science - Other Science | 0 | 1 | 0 | 0 | 10 | 125 | 125.00 | 1 | 1 |
| Other Academic | 0 | 1 | 1 | 0 | 5 | 110 | 110.00 | 0 | 1 |
| Literature - British Literature | 0 | 0 | 0 | 0 | 0 | 0.00 | 0 | 0 | |
| Science - Chemistry | 0 | 0 | 0 | 0 | 0 | 0.00 | 0 | 0 | |
| Fine Arts - Painting and Sculpture | 0 | 0 | 1 | 0 | -5 | 0.00 | 0 | 0 | |
| Science - Physics | 0 | 0 | 1 | 0 | -5 | 0.00 | 0 | 0 | |
| Social Science | 0 | 0 | 3 | 0 | -15 | 0.00 | 0 | 0 |